[Event "Druzynowe Mistrzostwa Polski II Liga"]
[Site "Szklarska Poreba"]
[Date "1899-12-30"]
[Round "4.2"]
[White "Tomaszewski, Kacper"]
[Black "Grabarczyk, Miroslaw"]
[Result "1/2-1/2"]
[WhiteTitle "k"]
[BlackTitle "GM"]
[WhiteElo "2221"]
[BlackElo "2422"]

1. d4 d5 2. c4 e6 3. Nc3 Nf6 4. cxd5 exd5 5. Bg5 c6 6. e3 Bf5 7. Qf3 Bg6 8. Bxf6
Qxf6 9. Qxf6 gxf6 10. Nf3 Nd7 11. Nh4 Be7 12. Ne2 f5 13. g3 Nf8 14. Ng2 Ne6 15.
h4 h5 16. Ngf4 Bd6 17. Bg2 Ke7 18. Bf3 a5 19. Rc1 Ng7 20. Nd3 Ne8 21. Nef4 Nf6
22. Bd1 Ra7 23. f3 Nd7 24. Kf2 Kf6 25. b3 Re8 26. g4 fxg4 27. fxg4 hxg4 28. Bxg4
Nf8 29. h5 Be4 30. Rhg1 Nh7 31. Rcf1 Raa8 32. Ke2 Ke7 33. Ne5 Bxe5 34. dxe5 Rg8
35. e6 f5 36. Ng6+ Kxe6 37. Bxf5+ Bxf5 38. Rxf5 Kxf5 39. Ne7+ Ke6 40. Nxg8 Nf6
41. Nxf6 Kxf6 42. Kd3 Rh8 43. Rh1 Kg7 44. h6+ Rxh6 45. Rxh6 Kxh6 46. e4 dxe4+
47. Kxe4 a4 48. bxa4 b6 49. Ke5 Kg7 50. Kd6 c5 51. a5 bxa5 52. Kxc5 Kf7 53. Kb5
Ke7 54. Kxa5 Kd7 55. Kb6 Kc8 56. Ka7 Kc7 1/2-1/2

[Event "Druzynowe Mistrzostwa Polski II Liga"]
[Site "Szklarska Poreba"]
[Date "1899-12-30"]
[Round "4.3"]
[White "Aliavdin, Nikolai"]
[Black "Walach, Marcin"]
[Result "1-0"]
[WhiteTitle "IM"]
[BlackTitle "FM"]
[WhiteElo "2342"]
[BlackElo "2320"]

1. e4 c5 2. Nf3 e6 3. d4 cxd4 4. Nxd4 Nf6 5. Nc3 Nc6 6. Ndb5 Bb4 7. a3 Bxc3+ 8.
Nxc3 d5 9. exd5 exd5 10. Bd3 O-O 11. O-O d4 12. Ne2 Bg4 13. Bg5 Bh5 14. Qd2 Bxe2
15. Qxe2 Re8 16. Qf3 Qd5 17. Bxf6 Qxf3 18. gxf3 gxf6 19. f4 Ne7 20. Kg2 Kg7 21.
Kf3 f5 22. Rg1+ Kf6 23. Rg5 Rg8 24. Rh5 Rae8 25. Re1 Kg6 26. Rh3 h5 27. Re5 a6
28. a4 Kh6 29. Bxf5 Ng6 30. Rc5 Rh8 31. Rc7 Re7 32. Rxh5+ Kxh5 33. Bxg6+ Kxg6
34. Rxe7 Rc8 35. Re2 Kf5 36. h4 Rc4 37. Re7 f6 38. Rxb7 Rxc2 39. h5 d3 40. Ke3
d2 41. Ke2 Rc4 42. a5 Rd4 43. Kd1 Rd5 44. b4 Ke4 45. Re7+ Kd3 46. Re3+ Kc4 47.
Rh3 Kxb4 48. h6 Rd8 49. h7 Rh8 50. Kxd2 Kxa5 51. Kd3 Kb4 52. Ke4 a5 53. Kf5 a4
54. Kxf6 a3 55. Kg7 a2 56. Rh1 1-0

[Event "Druzynowe Mistrzostwa Polski II Liga"]
[Site "Szklarska Poreba"]
[Date "1899-12-30"]
[Round "4.4"]
[White "Wolynski, Krzysztof"]
[Black "Flak, Pawel"]
[Result "1-0"]
[WhiteTitle "I++"]
[BlackTitle "k"]
[WhiteElo "2118"]
[BlackElo "2210"]

1. d4 Nf6 2. c4 e6 3. Nc3 d5 4. cxd5 exd5 5. Bg5 c6 6. e3 Be7 7. Bd3 Bg4 8. Qb3
Qb6 9. Qc2 Bh5 10. f4 h6 11. Bh4 Ng8 12. Bf2 g5 13. h3 g4 14. Nge2 gxh3 15. Ng3
Bg4 16. gxh3 Bd7 17. O-O-O h5 18. Bf5 Qa5 19. e4 dxe4 20. d5 Nf6 21. Bxd7+ Nbxd7
22. d6 Bf8 23. Ngxe4 O-O-O 24. Ng5 Rg8 25. Nxf7 Re8 26. Bh4 Qc5 27. Bxf6 Nxf6
28. Ne5 Rxe5 29. fxe5 Qxe5 30. Qd2 Nd7 31. Rhe1 Rg5 32. Rxe5 Rxe5 33. Qg2 1-0

[Event "Druzynowe Mistrzostwa Polski II Liga"]
[Site "Szklarska Poreba"]
[Date "1899-12-30"]
[Round "4.5"]
[White "Jedryczka, Krystian"]
[Black "Cieslak, Patrycjusz"]
[Result "1-0"]
[WhiteTitle "m"]
[BlackTitle "I"]
[WhiteElo "2208"]
[BlackElo "1988"]

1. Nf3 d5 2. g3 Nf6 3. Bg2 g6 4. O-O Bg7 5. d3 O-O 6. Nbd2 Nc6 7. e4 dxe4 8. dxe4
e5 9. Qe2 Qe7 10. b3 Rd8 11. Bb2 b6 12. Rfd1 Bb7 13. Nc4 Nd7 14. Ne3 Nf6 15. Nd5
Nxd5 16. exd5 Nb4 17. c4 Re8 18. a3 Na6 19. b4 Nb8 20. Rac1 Nd7 21. Qe3 e4 22.
Nd4 Nf6 23. h3 h5 24. Rc2 Kh7 25. Bc1 a5 26. Nb5 axb4 27. axb4 Rad8 28. d6 cxd6
29. Qxb6 d5 30. c5 Rb8 31. c6 Ba8 32. Qa5 Rec8 33. Bf4 Rxb5 34. Qxb5 Bf8 35. Qa6
Qe8 36. b5 Kg7 37. Qa1 Qd8 38. Bxe4 1-0

[Event "Druzynowe Mistrzostwa Polski II Liga"]
[Site "Szklarska Poreba"]
[Date "1899-12-30"]
[Round "4.6"]
[White "Cieslak, Wiktoria"]
[Black "Leszner, Liliana"]
[Result "0-1"]
[WhiteTitle "k++"]
[BlackTitle "WIM"]
[WhiteElo "1824"]
[BlackElo "2055"]

1. e4 d6 2. d4 g6 3. Nc3 Bg7 4. f4 Nc6 5. d5 Nd4 6. Be3 c5 7. Qd2 Qa5 8. Nge2 Nxe2
9. Bxe2 Nf6 10. h3 Nd7 11. O-O O-O 12. Nd1 Qxd2 13. Bxd2 Nf6 14. Bf3 b5 15. a4
b4 16. Re1 Nd7 17. c3 a5 18. b3 Rb8 19. Rb1 bxc3 20. Nxc3 Ba6 21. Be2 Bxe2 22.
Nxe2 Ra8 23. Bc3 Rfb8 24. Bxg7 Kxg7 25. Nc3 Rb4 26. Nb5 Nf6 27. e5 dxe5 28. Rxe5
Rd8 29. Nc7 Rd7 30. Na6 Rxf4 31. Nxc5 Rc7 32. Na6 Rc2 33. Rf1 Rd4 34. Rxe7 Rxd5
35. Nc7 Rdd2 36. Ne6+ Kh6 37. Rxf6 Rxg2+ 38. Kf1 fxe6 39. Rfxe6 Rh2 40. Re2 Rc1+
41. Re1 Rxe1+ 42. Rxe1 Rxh3 43. Re5 Rxb3 44. Rxa5 Rb2 45. Ra8 Kg5 46. a5 Ra2 47.
a6 Kg4 48. a7 g5 49. Ke1 h5 50. Kf1 h4 51. Ke1 h3 52. Kf1 h2 53. Rh8 Kg3 0-1

[Event "Druzynowe Mistrzostwa Polski II Liga"]
[Site "Szklarska Poreba"]
[Date "1899-12-30"]
[Round "4.7"]
[White "Mroziak, Maciej"]
[Black "Kolago, Marcin"]
[Result "1/2-1/2"]
[WhiteTitle "IM"]
[BlackTitle "m"]
[WhiteElo "2406"]
[BlackElo "2347"]

1. e4 d5 2. exd5 Qxd5 3. Nc3 Qa5 4. d4 Nf6 5. Bd2 c6 6. Bc4 Bf5 7. Nf3 e6 8. Nd5
Qd8 9. Nxf6+ Qxf6 10. Qe2 Bd6 11. O-O-O O-O 12. h3 b5 13. Bd3 Nd7 14. Kb1 Bxd3
15. Qxd3 Qg6 16. Qxg6 hxg6 17. Rhe1 Nb6 18. Ne5 Rac8 19. a3 Rfd8 20. Ba5 Kf8 21.
c3 Bxe5 22. Bxb6 axb6 23. dxe5 Ke7 24. Kc2 Rd5 25. Re2 Rh8 26. Rde1 Rhd8 27. Ra1
Ra8 28. Rae1 Rad8 29. Ra1 Ra8 30. Rae1 Rad8 31. Ra1 1/2-1/2

[Event "Druzynowe Mistrzostwa Polski II Liga"]
[Site "Szklarska Poreba"]
[Date "1899-12-30"]
[Round "4.8"]
[White "Wiewiora, Eneasz"]
[Black "Wandzik, Wojciech"]
[Result "1/2-1/2"]
[WhiteTitle "FM"]
[BlackTitle "m"]
[WhiteElo "2325"]
[BlackElo "2396"]

1. Nf3 Nf6 2. c4 e6 3. g3 d5 4. d4 Bb4+ 5. Bd2 Be7 6. Bg2 O-O 7. Qc2 c6 8. O-O
Nbd7 9. Rd1 b6 10. Bf4 Ba6 11. cxd5 cxd5 12. Nc3 Nh5 13. Qa4 Nxf4 14. Qxa6 Nxg2
15. Kxg2 Qc8 16. Qxc8 Rfxc8 17. Rac1 a6 18. e3 f6 19. h3 Kf7 20. Ne2 Bd6 21. g4
Ke7 22. Ne1 b5 23. f4 Nb6 24. Nd3 Rc4 25. b3 Rcc8 26. Rxc8 Rxc8 27. Rc1 Ba3 28.
Rxc8 Nxc8 29. Nc3 Bd6 30. a4 Na7 31. Kf3 1/2-1/2

[Event "Druzynowe Mistrzostwa Polski II Liga"]
[Site "Szklarska Poreba"]
[Date "1899-12-30"]
[Round "4.9"]
[White "Gola, Karol"]
[Black "Mulet, Piotr"]
[Result "1-0"]
[WhiteTitle "k"]
[BlackTitle "FM"]
[WhiteElo "2207"]
[BlackElo "2323"]

1. e4 d5 2. exd5 Qxd5 3. Nc3 Qa5 4. d4 Nf6 5. Nf3 Bg4 6. h3 Bh5 7. g4 Bg6 8. Ne5
c6 9. Bg2 Nbd7 10. Nxd7 Nxd7 11. d5 cxd5 12. Qxd5 Qxd5 13. Nxd5 O-O-O 14. Be3
e6 15. Nf4 Bc5 16. Ke2 Bxe3 17. Kxe3 e5 18. Nd5 Rhe8 19. Rad1 Nc5 20. Rd2 f5 21.
gxf5 Bxf5 22. Bf3 Kb8 23. Rg1 g6 24. Bg4 Rf8 25. f3 Ne6 26. Rgd1 Nd4 27. c3 Ne6
28. Ne7 Rxd2 29. Rxd2 Nf4 30. h4 h5 31. Bxf5 gxf5 32. Rd6 Ng2+ 33. Kf2 Nxh4 34.
Kg3 Kc7 35. Rh6 Nxf3 36. Kxf3 e4+ 37. Kf4 Rd8 38. Nxf5 Rd2 39. Kxe4 Rxb2 40. Rxh5
Rxa2 41. c4 Rd2 42. Nd4 Rg2 43. Kd5 a6 44. Rh7+ Kb8 45. c5 Rd2 46. Ke5 Rd1 47.
Ne6 Re1+ 48. Kd6 Rd1+ 49. Ke7 Rc1 50. Kd6 Rd1+ 51. Ke7 Rc1 52. Rh8+ Ka7 53. Kd6
Rd1+ 54. Kc7 Re1 55. Nd8 Re7+ 56. Kd6 Rg7 57. Ne6 Rg1 58. Nc7 Rg6+ 59. Ne6 Rg1
60. Re8 Rd1+ 61. Kc7 Re1 62. Re7 Ka8 63. Kc8 Rb1 64. Nd8 Rb5 65. Nxb7 a5 66. c6
Rd5 67. Rd7 Rh5 68. Nxa5 Rxa5 69. c7 Rh5 70. Rd8 Rh7 71. Re8 Rf7 72. Kd8 1-0

[Event "Druzynowe Mistrzostwa Polski II Liga"]
[Site "Szklarska Poreba"]
[Date "1899-12-30"]
[Round "4.10"]
[White "Jaroch, Karol"]
[Black "Lizak, Jakub"]
[Result "1-0"]
[WhiteTitle "m"]
[BlackTitle "k"]
[WhiteElo "2200"]
[BlackElo "2222"]

1. e4 e5 2. Nf3 Nf6 3. Nxe5 d6 4. Nf3 Nxe4 5. Qe2 Qe7 6. d3 Nf6 7. Bg5 Nbd7 8.
Nc3 Qxe2+ 9. Bxe2 g6 10. O-O-O Bg7 11. Rhe1 a6 12. Bf1+ Kd8 13. h3 h6 14. Be3
b5 15. Ne4 Nxe4 16. dxe4 Re8 17. Bd4 Bxd4 18. Nxd4 Bb7 19. f3 Ke7 20. Nb3 Rad8
21. a4 c6 22. Kd2 Nb8 23. Kc3 Kf6 24. axb5 cxb5 25. Na5 Ba8 26. Kd4 g5 27. b4
h5 28. c4 bxc4 29. Bxc4 Re5 30. Bd5 Bxd5 31. exd5 Ree8 32. Nc4 Rg8 33. g4 Rh8
34. Rh1 Kg6 35. Rde1 Kf6 36. Reg1 hxg4 37. hxg4 Rxh1 38. Rxh1 Kg6 39. Re1 Kf6
40. Re4 Nd7 41. Nxd6 Rb8 42. Kc4 Ne5+ 43. Kc5 Nxf3 44. Ne8+ Kg6 45. Nc7 f5 46.
Re6+ Kf7 47. gxf5 g4 48. d6 g3 49. Rg6 Nd2 50. Nxa6 Ne4+ 51. Kc6 Rc8+ 52. Nc7
Rd8 53. d7 Nf6 54. Ne6 Rxd7 55. Rxg3 Rd5 56. Rg7+ 1-0

[Event "Druzynowe Mistrzostwa Polski II Liga"]
[Site "Szklarska Poreba"]
[Date "1899-12-30"]
[Round "4.11"]
[White "Kalmuk, Krzysztof"]
[Black "Samborski, Henryk"]
[Result "0-1"]
[WhiteTitle "I++"]
[BlackTitle "k"]
[WhiteElo "2030"]
[BlackElo "2093"]

1. Nf3 c5 2. c4 g6 3. Nc3 Bg7 4. g3 b6 5. Bg2 Bb7 6. O-O Nf6 7. d4 cxd4 8. Qxd4
O-O 9. Qh4 d6 10. Bh6 Qc8 11. Bxg7 Kxg7 12. Nd5 Re8 13. Rfd1 Nbd7 14. Rac1 h6
15. Rc3 Bxd5 16. cxd5 Qa6 17. Qd4 Qxe2 18. Re3 Qc2 19. Rde1 Rac8 20. Rxe7 Rxe7
21. Rxe7 Rc4 22. Qd2 Qxd2 23. Nxd2 Rc2 24. Nf1 Kf8 25. Re3 Rxb2 26. Ra3 a5 27.
Ne3 Ke7 28. h3 Nc5 29. Nc4 Rb1+ 30. Kh2 Rb4 31. Rc3 a4 32. Rc2 Kd7 33. Bf3 h5
34. g4 hxg4 35. hxg4 g5 36. Ne3 Nd3 37. Kg3 Rf4 38. Rc3 Nxf2 39. Rc6 N2e4+ 40.
Kg2 Nd2 41. Bd1 Nxd5 42. Nxd5 Kxc6 43. Nxf4 gxf4 44. Bxa4+ Kc5 45. Kf2 Kd4 46.
Ke2 Ne4 47. Bc6 Ng5 48. Kd2 f6 49. Bb5 Ne4+ 0-1

[Event "Druzynowe Mistrzostwa Polski II Liga"]
[Site "Szklarska Poreba"]
[Date "1899-12-30"]
[Round "4.12"]
[White "Richterova, Natasa"]
[Black "Mazur, Anna"]
[Result "1-0"]
[WhiteTitle "WIM"]
[BlackTitle "I+"]
[WhiteElo "2188"]
[BlackElo "1693"]

1. e4 c5 2. Nc3 e6 3. g3 a6 4. Bg2 Nc6 5. d3 Nf6 6. f4 d6 7. Nf3 Qc7 8. O-O Be7
9. Kh1 O-O 10. Be3 Rb8 11. h3 d5 12. Bg1 b5 13. e5 Nd7 14. d4 cxd4 15. Ne2 Bb7
16. Nfxd4 Nxd4 17. Nxd4 Nc5 18. Bh2 Ne4 19. g4 Bh4 20. Qe2 Qb6 21. Rad1 Rbc8 22.
Rf3 Rc4 23. Bg1 Qc7 24. Kh2 Rc8 25. Qe3 Be7 26. a3 b4 27. axb4 Rxb4 28. Qc1 Bc5
29. c3 Rb6 30. Rff1 Ba8 31. Qc2 Rcb8 32. Rb1 a5 33. Rfe1 Qb7 34. Re2 Qd7 35. Be3
a4 36. Bf1 Bxd4 37. Bxd4 Rb3 38. Ra1 Bc6 39. Ra2 Qb7 40. Rg2 Bb5 41. Be2 Qa6 42.
Qxb3 1-0

[Event "Druzynowe Mistrzostwa Polski II Liga"]
[Site "Szklarska Poreba"]
[Date "1899-12-30"]
[Round "4.13"]
[White "Janaszak, Dawid"]
[Black "Bator, Robert"]
[Result "0-1"]
[WhiteTitle "FM"]
[BlackTitle "IM"]
[WhiteElo "2382"]
[BlackElo "2398"]

1. e4 c5 2. Nf3 Nc6 3. Bb5 g6 4. O-O Bg7 5. Nc3 Nf6 6. e5 Ng4 7. Bxc6 bxc6 8. Re1
f6 9. exf6 Nxf6 10. d4 cxd4 11. Qxd4 O-O 12. Bg5 h6 13. Bf4 d6 14. Bd2 e5 15.
Qc4+ Kh7 16. Rad1 Bg4 17. Qxc6 Rc8 18. Qa6 Bxf3 19. gxf3 Qd7 20. Be3 d5 21. Bxa7
Ra8 22. Nb5 Nh5 23. Re3 d4 24. Kh1 Qh3 25. Ra3 Nf4 26. Rg1 Rf5 27. Rg3 Qf1+ 28.
Rg1 Qxf2 29. Bxd4 exd4 30. Qd6 Rxa3 31. Nxd4 Bxd4 0-1

[Event "Druzynowe Mistrzostwa Polski II Liga"]
[Site "Szklarska Poreba"]
[Date "1899-12-30"]
[Round "4.14"]
[White "Sypien, Mateusz"]
[Black "Dudzinski, Piotr"]
[Result "1/2-1/2"]
[WhiteTitle "k"]
[BlackTitle "FM"]
[WhiteElo "2250"]
[BlackElo "2341"]

1. e4 e6 2. d4 d5 3. Nc3 dxe4 4. Nxe4 Bd7 5. Nf3 Bc6 6. Bd3 Nd7 7. Qe2 Bxe4 8.
Bxe4 c6 9. c3 Ngf6 10. Bc2 Bd6 11. O-O Qc7 12. Re1 h6 13. Ne5 O-O 14. Bf4 Rae8
15. Rad1 Nd5 16. Bxh6 Nxe5 17. dxe5 Bxe5 18. Qxe5 Qxe5 19. Rxe5 gxh6 20. c4 Nb4
21. Bb1 Rd8 22. Ree1 c5 23. Be4 b6 24. a3 Na6 25. f4 Nc7 26. Kf2 f5 27. Bf3 Kf7
28. Ke3 Ke7 29. b4 Rxd1 30. Rxd1 Ne8 31. bxc5 bxc5 32. Kd3 Nd6 33. Re1 Kf6 34.
Re5 Rc8 35. Kc3 Nf7 36. Re1 Rd8 37. Bh5 Nd6 38. Bf3 Ke5 1/2-1/2

[Event "Druzynowe Mistrzostwa Polski II Liga"]
[Site "Szklarska Poreba"]
[Date "1899-12-30"]
[Round "4.15"]
[White "Dudzinski, Pawel"]
[Black "Sycz, Dariusz"]
[Result "1/2-1/2"]
[WhiteTitle "FM"]
[BlackTitle "k"]
[WhiteElo "2244"]
[BlackElo "2182"]

1. e4 e5 2. Nf3 Nc6 3. d4 exd4 4. Nxd4 Nf6 5. Nxc6 bxc6 6. e5 Qe7 7. Qe2 Nd5 8.
c4 Nb6 9. b3 a5 10. a3 Ba6 11. Nd2 Qe6 12. Qe4 Be7 13. Bb2 O-O 14. Bd3 f5 15.
exf6 Bxf6 16. Qxe6+ dxe6 17. Bxf6 gxf6 18. Be4 a4 19. Bxc6 Rad8 20. bxa4 Nxc4
21. Nxc4 Bxc4 22. Rc1 Rd4 23. f3 Rb8 24. Kf2 Rb6 25. Bb5 Bxb5 26. axb5 Rxb5 27.
Rhd1 Rb2+ 28. Kg3 Rxd1 29. Rxd1 c5 30. Rc1 Rb5 31. a4 Ra5 32. Rc4 Kf7 33. Kf4
Ke7 34. g4 Kd6 35. Ke4 Ra7 36. h4 h6 37. h5 Ra8 38. Kd3 Ra6 39. Kc3 Kd5 40. Re4
e5 41. Kd3 Rb6 1/2-1/2

[Event "Druzynowe Mistrzostwa Polski II Liga"]
[Site "Szklarska Poreba"]
[Date "1899-12-30"]
[Round "4.16"]
[White "Pulik, Krzysztof"]
[Black "Wlodarczyk, Oskar"]
[Result "1/2-1/2"]
[WhiteTitle "k"]
[BlackTitle "FM"]
[WhiteElo "2134"]
[BlackElo "2281"]

1. e4 e5 2. Nf3 Nf6 3. Nxe5 d6 4. Nf3 Nxe4 5. d4 d5 6. Bd3 Bd6 7. O-O O-O 8. c4
c6 9. Qc2 Re8 10. Nc3 Nf6 11. cxd5 Bg4 12. Ng5 h6 13. Nge4 Nxd5 14. Nxd5 cxd5
15. Nxd6 Qxd6 16. Be3 Nc6 17. Qb3 b6 18. Rac1 Na5 19. Qa4 Bd7 20. Qd1 Nc4 21.
Bxc4 dxc4 22. Re1 Qd5 23. Qd2 Bf5 24. f3 Re6 25. Bf2 Rae8 26. Rxe6 Rxe6 27. Re1
a5 28. Rxe6 Bxe6 29. a3 Qf5 30. Be3 Qb1+ 31. Kf2 Bd5 32. Bf4 Qg6 33. Bc7 Qc6 34.
Bf4 Qg6 1/2-1/2

[Event "Druzynowe Mistrzostwa Polski II Liga"]
[Site "Szklarska Poreba"]
[Date "1899-12-30"]
[Round "4.17"]
[White "Michalski, Filip"]
[Black "Skomial, Mateusz"]
[Result "0-1"]
[WhiteTitle "k"]
[BlackTitle "I++"]
[WhiteElo "2166"]
[BlackElo "2039"]

1. d4 d5 2. c4 e6 3. Nc3 Nf6 4. Bg5 Be7 5. cxd5 exd5 6. e3 O-O 7. Bd3 Be6 8. Qc2
h6 9. Bh4 c5 10. dxc5 Bxc5 11. Nf3 Nc6 12. O-O Be7 13. a3 Rc8 14. Rfd1 Qb6 15.
Be2 Rfd8 16. Qd3 d4 17. exd4 g5 18. Bg3 g4 19. d5 Bxd5 20. Nd4 Bb3 21. Nxc6 Qxc6
22. Qe3 Bxd1 23. Bxd1 Qe6 24. Qxe6 fxe6 25. Bb3 Kf7 26. Re1 Nd5 27. Ne4 Rc6 28.
Be5 Nf6 29. Ng3 Rdc8 30. Bf4 Rb6 31. Ba2 Nd5 32. Bc1 Bg5 33. Bxg5 hxg5 34. Ne4
Kg6 35. Bb1 Kh6 36. b4 Nc3 37. Rc1 Ne2+ 0-1

[Event "Druzynowe Mistrzostwa Polski II Liga"]
[Site "Szklarska Poreba"]
[Date "1899-12-30"]
[Round "4.18"]
[White "Krzyzanowska-zadlo, Lidia"]
[Black "Czerwinska, Milena"]
[Result "0-1"]
[WhiteTitle "k"]
[BlackTitle "WFM"]
[WhiteElo "1842"]
[BlackElo "2013"]

1. e4 c5 2. Nc3 Nc6 3. f4 g6 4. Nf3 Bg7 5. Bc4 e6 6. d3 Nge7 7. O-O O-O 8. a3 d5
9. Ba2 a6 10. Qe1 Nd4 11. Qf2 dxe4 12. dxe4 Nec6 13. Be3 b6 14. Rad1 Qc7 15. e5
Nxf3+ 16. Qxf3 Bb7 17. Qe2 Ne7 18. Rd2 Nf5 19. Rfd1 Qc6 20. Kf1 Qxg2+ 21. Ke1
Qh1+ 22. Kf2 Qxh2+ 23. Ke1 Qh1+ 24. Kf2 Qg2+ 25. Ke1 Qg3+ 0-1

[Event "Druzynowe Mistrzostwa Polski II Liga"]
[Site "Szklarska Poreba"]
[Date "1899-12-30"]
[Round "4.19"]
[White "Molenda, Marcin"]
[Black "Marszalek, Maciej"]
[Result "1/2-1/2"]
[WhiteTitle "FM"]
[BlackTitle "m"]
[WhiteElo "2411"]
[BlackElo "2299"]

1. d4 Nf6 2. Nf3 g6 3. c4 Bg7 4. g3 O-O 5. Bg2 d6 6. O-O c6 7. Nc3 Qa5 8. h3 e5
9. e4 Be6 10. Qd3 Na6 11. Be3 Rfe8 12. Rfd1 Rad8 13. a3 exd4 14. b4 Qh5 15. g4
Nxg4 16. hxg4 Bxg4 17. Bxd4 Bxd4 18. Nxd4 Bxd1 19. Rxd1 Nc7 20. Qg3 Qe5 21. Nf5
Qxg3 22. Nxg3 a5 23. Nf1 axb4 24. axb4 Ne6 25. Ne3 Nf4 26. Bf3 Kf8 27. Kh2 Ke7
28. Kg3 Ne6 29. Bg4 h5 30. Bh3 Ra8 31. Nc2 Red8 32. Rb1 g5 33. f3 g4 34. fxg4
Rg8 35. Rd1 hxg4 36. Bxg4 Rg6 37. Rd3 Ng7 38. Kf4 Rh8 39. Ne3 Rh1 40. Kf3 Rg1
41. Bc8 Rf6+ 42. Ke2 Nh5 43. Rd1 Nf4+ 44. Kd2 Rxd1+ 45. Ncxd1 b6 46. Bb7 Kd7 47.
b5 cxb5 48. cxb5 Rh6 49. Kc3 Rh3 50. Kc4 Ng6 51. Bc6+ Kc8 52. Kd5 Kc7 53. Kd4
Kb8 54. Nc4 Ne7 55. Bd7 Rh5 56. Nde3 Kc7 57. Be8 Rg5 58. Na3 f5 59. exf5 Nxf5+
60. Nxf5 Rxf5 61. Nc4 d5 62. Ne3 Rf8 63. Nxd5+ Kd6 64. Bc6 Rc8 65. Nb4 Rh8 66.
Na2 Rh4+ 67. Be4 Rh2 68. Nc3 Rd2+ 69. Kc4 Rh2 70. Nd5 Ke5 71. Nc3 Rh4 72. Kd3
Rh3+ 73. Kc4 Rxc3+ 74. Kxc3 Kxe4 75. Kc4 Ke5 76. Kc3 Kd5 77. Kd3 Kc5 78. Kc3 Kxb5
79. Kb3 Kc5 80. Kc3 b5 81. Kb3 b4 82. Kb2 Kc4 83. Kc2 b3+ 84. Kb2 Kb4 85. Kb1
Kc3 86. Kc1 b2+ 87. Kb1 Kb3 1/2-1/2

[Event "Druzynowe Mistrzostwa Polski II Liga"]
[Site "Szklarska Poreba"]
[Date "1899-12-30"]
[Round "4.20"]
[White "Widla, Piotr"]
[Black "Czerw, Dawid"]
[Result "1/2-1/2"]
[WhiteTitle "I++"]
[BlackTitle "k"]
[WhiteElo "2046"]
[BlackElo "2260"]

1. e4 e6 2. d4 d5 3. Nc3 Bb4 4. e5 Ne7 5. Bd2 c5 6. a3 Bxc3 7. Bxc3 cxd4 8. Qxd4
Nbc6 9. Qg4 Nf5 10. O-O-O h5 11. Qf4 Bd7 12. Nf3 Qb6 13. Nd4 Ncxd4 14. Bxd4 Nxd4
15. Qxd4 Qxd4 16. Rxd4 Rc8 17. Be2 Ke7 18. g3 g6 19. h4 Rc5 20. Re1 Rhc8 21. c3
a5 22. Bd3 Bb5 23. Bxb5 Rxb5 24. Kc2 Rbc5 25. Red1 b5 26. f4 Rb8 27. Kb3 f6 28.
exf6+ Kxf6 29. Re1 Rbc8 30. Kc2 Rd8 31. Kd3 Rc4 32. Re5 Rxd4+ 33. Kxd4 Rc8 34.
b3 a4 35. b4 Rc6 36. Kd3 Rc4 37. Re3 Kf5 38. Re5+ Kf6 39. Re3 Kf5 40. Re5+ Kf6
41. Re3 Kf5 42. Ke4+ Ke5+ 1/2-1/2

[Event "Druzynowe Mistrzostwa Polski II Liga"]
[Site "Szklarska Poreba"]
[Date "1899-12-30"]
[Round "4.21"]
[White "Hrtanek, Jiri"]
[Black "Popiol, Michal"]
[Result "1/2-1/2"]
[WhiteTitle "I"]
[BlackTitle "II+"]
[WhiteElo "1986"]
[BlackElo "2079"]

1. d4 Nf6 2. Nf3 g6 3. c3 Bg7 4. Bf4 O-O 5. Nbd2 d5 6. h3 c5 7. e3 Qb6 8. Qb3 Nc6
9. Be2 c4 10. Qxb6 axb6 11. O-O b5 12. a3 Re8 13. Ne5 Nd7 14. Nxd7 Bxd7 15. Bf3
e6 16. e4 Ne7 17. Rfe1 Bc6 18. e5 Nc8 19. Nf1 Nb6 20. Ne3 Nd7 21. Nc2 Ra7 22.
g4 Raa8 23. g5 Kf8 24. Kg2 Ke7 25. h4 Rh8 26. Rh1 h5 27. Rhe1 Ra7 28. Kg3 Nb6
29. Rad1 Kd7 30. Bc1 Nc8 31. Bg2 Ne7 32. Bh3 Kc7 1/2-1/2

[Event "Druzynowe Mistrzostwa Polski II Liga"]
[Site "Szklarska Poreba"]
[Date "1899-12-30"]
[Round "4.22"]
[White "Szewczyk, Grzegorz"]
[Black "Rydzewski, Pawel"]
[Result "0-1"]
[WhiteTitle "I++"]
[BlackTitle "I"]
[WhiteElo "1952"]
[BlackElo "1938"]

1. d4 d5 2. c4 e5 3. dxe5 d4 4. Nf3 Nc6 5. a3 a5 6. Nbd2 Bg4 7. h3 Bxf3 8. Nxf3
Bc5 9. g3 Qd7 10. Bg2 Nge7 11. O-O Ng6 12. Bg5 Rb8 13. Qc2 O-O 14. Rfd1 Ngxe5
15. Nxe5 Nxe5 16. e3 Nc6 17. exd4 Nxd4 18. Qd3 a4 19. Kh2 h6 20. Be3 Rfd8 21.
Qc3 Qd6 22. Rd2 Qb6 23. Rad1 Ne6 24. Rxd8+ Rxd8 25. Rxd8+ Nxd8 26. Qe5 Ne6 27.
Bxc5 Qxc5 28. Qxc5 Nxc5 29. Bf1 f6 30. Kg2 Kf7 31. Kf3 Ke6 32. Ke3 Ke5 33. f4+
Kd6 34. Be2 Ke6 35. Kd4 b6 36. Bd1 Kd6 37. Kc3 Ne4+ 38. Kd4 Nxg3 39. Bxa4 g5 40.
fxg5 hxg5 41. Bd1 c5+ 42. Ke3 Ke5 43. b4 cxb4 44. axb4 Nf5+ 45. Kf3 Kd4 46. Be2
Ke5 47. Kg4 Ne3+ 48. Kf3 Nc2 49. c5 Nd4+ 50. Ke3 Nxe2 51. Kxe2 bxc5 52. bxc5 Kd5
53. Kf3 f5 54. Kg3 Kxc5 55. h4 gxh4+ 56. Kxh4 Kd4 57. Kg3 Ke3 58. Kg2 f4 59. Kf1
Kf3 0-1

[Event "Druzynowe Mistrzostwa Polski II Liga"]
[Site "Szklarska Poreba"]
[Date "1899-12-30"]
[Round "4.23"]
[White "Galuszka, Tomasz"]
[Black "Dziodzio, Angelika"]
[Result "1/2-1/2"]
[WhiteTitle "I"]
[BlackTitle "WFM"]
[WhiteElo "1895"]
[BlackElo "2108"]

1. e4 c5 2. Nf3 a6 3. d3 Nc6 4. g3 g6 5. Bg2 Bg7 6. O-O d6 7. Nbd2 e6 8. c3 b5
9. Re1 Rb8 10. Nf1 Nge7 11. h4 h5 12. Ng5 b4 13. Qc2 O-O 14. Bd2 a5 15. Nf3 Qb6
16. Ne3 b3 17. axb3 Qxb3 18. Qxb3 Rxb3 19. Bc1 Ba6 20. Bf1 d5 21. exd5 exd5 22.
d4 Bxf1 23. Kxf1 cxd4 24. Nxd4 Nxd4 25. cxd4 Ra8 26. Ra4 Rb4 27. Rxb4 axb4 28.
Bd2 Rb8 29. Nc2 Nc6 30. Rd1 Rb5 31. Be3 b3 32. Ne1 Rb4 33. Nf3 Kf8 34. Ke2 Rc4
35. Rd3 Rc2+ 36. Rd2 Rc4 37. Rd3 Na5 38. Ne1 Ke8 39. Kd1 Ra4 40. Nf3 Ra1+ 41.
Kd2 Bf8 42. Kc3 Ra4 43. Rd1 Bb4+ 44. Kd3 Nc4 45. Rb1 Ra2 46. Bc1 f6 47. Nh2 Be1
48. Ke2 Bxf2 49. Kd3 Bxg3 50. Nf3 Bf2 51. Kc3 Na5 52. Kb4 Kd7 53. Bd2 Kc6 54.
Bf4 Kb6 55. Kc3 Ra4 56. Rf1 Rc4+ 57. Kd3 Rc2 58. Bd2 Bg3 59. Rg1 Bf2 60. Rf1 Nc4
61. Rxf2 Nxb2+ 62. Ke2 Nc4 63. Rf1 Ra2 64. Rb1 b2 65. Bc3 Ra3 66. Kd3 g5 67. hxg5
fxg5 68. Nxg5 h4 69. Kc2 Kc6 1/2-1/2

[Event "Druzynowe Mistrzostwa Polski II Liga"]
[Site "Szklarska Poreba"]
[Date "1899-12-30"]
[Round "4.24"]
[White "Wesolowska, Hanna"]
[Black "Buchta, Agnieszka"]
[Result "1/2-1/2"]
[WhiteTitle "WFM"]
[BlackTitle "I++"]
[WhiteElo "1950"]
[BlackElo "1835"]

1. d4 e6 2. Nf3 d5 3. Bg5 Be7 4. Bxe7 Qxe7 5. Nbd2 Nf6 6. e3 c5 7. c3 Nc6 8. Bb5
O-O 9. O-O a6 10. Bxc6 bxc6 11. Ne5 Qd6 12. Nd3 Nd7 13. dxc5 Nxc5 14. Nxc5 Qxc5
15. Nb3 Qe7 16. Qd4 e5 17. Qc5 Qf6 18. f4 Bd7 19. fxe5 Qxe5 20. Qd4 Qg5 21. Nc5
Bh3 22. Rf2 Rfe8 23. Re1 Bf5 24. Qf4 Qxf4 25. Rxf4 Bc2 26. g4 Rab8 27. b3 a5 28.
Rc1 Bg6 29. Kf2 Rb5 30. b4 axb4 31. cxb4 Be4 32. a3 g5 33. Rf6 Ra8 34. Rc3 Rb6
35. Rd6 Kg7 36. Kg3 Ra7 37. h4 h6 38. Rd8 Rb5 39. Nxe4 dxe4 40. Re8 Ra4 41. Rxc6
Rxa3 42. Rxe4 Rb3 43. hxg5 hxg5 44. Rcc4 Kg6 1/2-1/2

[Event "Druzynowe Mistrzostwa Polski II Liga"]
[Site "Szklarska Poreba"]
[Date "1899-12-30"]
[Round "4.25"]
[White "Marczuk, Dominik"]
[Black "Lewtak, Damian"]
[Result "1/2-1/2"]
[WhiteTitle "k"]
[BlackTitle "m"]
[WhiteElo "2258"]
[BlackElo "2331"]

1. d4 d5 2. c4 e6 3. Nc3 f5 4. Nf3 Nf6 5. h3 c6 6. g4 dxc4 7. Ne5 Bb4 8. gxf5 exf5
9. e4 b5 10. Rg1 g6 11. Bg5 O-O 12. Bg2 Qa5 13. Qd2 Nxe4 14. Bxe4 fxe4 15. Bh6
Rf6 16. Bg5 Rf8 17. Bh6 Rf6 18. Bg5 Rf8 1/2-1/2

[Event "Druzynowe Mistrzostwa Polski II Liga"]
[Site "Szklarska Poreba"]
[Date "1899-12-30"]
[Round "4.26"]
[White "Reza, Wojciech"]
[Black "Chmiel, Marcin"]
[Result "1/2-1/2"]
[WhiteTitle "k++"]
[BlackTitle "k"]
[WhiteElo "2277"]
[BlackElo "2250"]

1. e4 Nc6 2. Nf3 f5 3. exf5 d5 4. Bb5 Bxf5 5. Ne5 Qd6 6. d4 Nf6 7. c3 Nd7 8. Bf4
Ncxe5 9. Bxe5 Qb6 10. Bxd7+ Kxd7 11. b3 Qa6 12. Nd2 Qd3 13. Qf3 e6 14. Qxd3 Bxd3
15. Nf3 Bd6 16. Bxg7 Rhg8 17. Ne5+ Bxe5 18. Bxe5 Rxg2 19. Bg3 h5 20. Kd2 Be4 21.
Rhg1 Rxg1 22. Rxg1 Rg8 23. h4 Rf8 24. Re1 b5 25. Re3 a5 26. a3 Kc6 27. Ke2 Bf5
28. Be5 Bg4+ 29. f3 Bf5 30. b4 Rg8 31. Kf2 Bh3 32. Bg3 Rf8 33. Be5 a4 34. Kg3
Bf5 35. Bf4 Kd7 36. Re1 c6 37. Bh6 Rg8+ 38. Bg5 Rf8 39. Bh6 Rg8+ 40. Bg5 Rf8 41.
Rg1 Bd3 42. Kf2 Bh7 43. Ke3 Rg8 44. Kf4 Rf8+ 45. Kg3 Bd3 46. Re1 Bh7 47. Re5 Rf5
48. Re1 Rf8 49. Rg1 Bd3 50. Kf2 Bh7 51. Bh6 Rg8 52. Re1 Rg6 53. Bg5 Rg8 54. Re5
Rf8 55. Kg3 Rf5 56. Bd2 Rxe5 57. dxe5 Bc2 1/2-1/2